Воспоминания; Воспоминания детства; Знакомство с Ф.М.Достоевским; Воспоминания о матери; Воспоминания о сестре; Воспоминания о Софье Ковалевской; Софья Ковалевская; Профессор С. Ковалевская; Воспоминания о Софье Ковалевской
| Yazar: | |
|---|---|
| Özet: | Софья Ковалевская (1850-1891) — российский математик, первая женщина член-корреспондент Петербургской академии наук. Но Ковалевская была и талантливой писательницей. Ее перу принадлежат стихи и повести, романы и драмы, театральные рецензии и литературно-критические очерки, свидетельствующие о ее высокой одаренности. Вниманию читателей предлагаются увлекательные новеллы Ковалевской о своей жизни, о встречах с Федором Достоевским, а также воспоминания ее родных и друзей. |
| Dil: | Rusça |
| Baskı/Yayın Bilgisi: |
Москва, АСТ-Пресс, 2005
|
| TOC: | С. В. Ковалевская, Воспоминания детства; С. В. Ковалевская, Знакомство с Ф.М.Достоевским; С. (младшая) Ковалевская, Воспоминания о матери; Ф. В. Корвин - Круковский, Воспоминания о сестре; М. М. Ковалевский, Воспоминания о Софье Ковалевской; Э. Кэй, Софья Ковалевская; М. Лекке, Профессор С. Ковалевская; А. Ш. Леффлер-Элгрен, Воспоминания о Софье Ковалевской; |
| Seri Bilgileri: | Знак судьбы |
| Konular: | |
| Materyal Türü: | Kitap |
| KOHA link: | https://koha.lib.tpu.ru/cgi-bin/koha/opac-detail.pl?biblionumber=98611 |
MARC
| LEADER | 00000nam0a2200000 4500 | ||
|---|---|---|---|
| 001 | 98611 | ||
| 005 | 20231101214208.0 | ||
| 010 | |a 5780511144 | ||
| 035 | |a (RuTPU)RU\TPU\book\105718 | ||
| 090 | |a 98611 | ||
| 100 | |a 20060621d2005 m y0rusy50 ca | ||
| 101 | 0 | |a rus | |
| 102 | |a RU | ||
| 105 | |a ac z 000zb | ||
| 200 | 1 | |a Воспоминания |f С. В. Ковалевская | |
| 210 | |a Москва |c АСТ-Пресс |d 2005 | ||
| 215 | |a 288 с. |c ил. | ||
| 225 | 1 | |a Знак судьбы | |
| 330 | |a Софья Ковалевская (1850-1891) — российский математик, первая женщина член-корреспондент Петербургской академии наук. Но Ковалевская была и талантливой писательницей. Ее перу принадлежат стихи и повести, романы и драмы, театральные рецензии и литературно-критические очерки, свидетельствующие о ее высокой одаренности. Вниманию читателей предлагаются увлекательные новеллы Ковалевской о своей жизни, о встречах с Федором Достоевским, а также воспоминания ее родных и друзей. | ||
| 464 | |t Воспоминания детства |f С. В. Ковалевская | ||
| 464 | |t Знакомство с Ф.М.Достоевским |f С. В. Ковалевская | ||
| 464 | |t Воспоминания о матери |f С. (младшая) Ковалевская | ||
| 464 | |t Воспоминания о сестре |f Ф. В. Корвин - Круковский | ||
| 464 | |t Воспоминания о Софье Ковалевской |f М. М. Ковалевский | ||
| 464 | |t Софья Ковалевская |f Э. Кэй | ||
| 464 | |t Профессор С. Ковалевская |f М. Лекке | ||
| 464 | |t Воспоминания о Софье Ковалевской |f А. Ш. Леффлер-Элгрен | ||
| 600 | 1 | |a Ковалевская |g Софья Васильевна |c математик |c член-корреспондент Петербургской АН |f 1850-1891 |b С. В. |2 stltpush |3 (RuTPU)RU\TPU\pers\857 | |
| 600 | 1 | |a Шуберт |b Ф. Ф. |c российский генерал от инфантерии |c астроном, геодезист, нумизмат |c нумизмат |f 1789-1865 |g Федор Федорович |2 stltpush |3 (RuTPU)RU\TPU\pers\14210 |9 4669 | |
| 600 | 1 | |a Достоевский |g Федор Михайлович |f 1821-1881 |c русский писатель |b Ф. М. |2 stltpush |3 (RuTPU)RU\TPU\pers\1038 | |
| 610 | 1 | |a математика | |
| 610 | 1 | |a история | |
| 610 | 1 | |a ученые | |
| 610 | 1 | |a Россия | |
| 610 | 1 | |a 19 век | |
| 610 | 1 | |a мемуары | |
| 610 | 1 | |a воспоминания | |
| 675 | |a 51(092) |v 3 | ||
| 700 | 1 | |a Ковалевская |b С. В. |g Софья Васильевна | |
| 801 | 1 | |a RU |b 63413507 |c 20060621 |g PSBO | |
| 801 | 2 | |a RU |b 63413507 |c 20140228 |g PSBO | |
| 942 | |c BK | ||
| 959 | |a 57/20060619 |d 1 |e 89,87 |f РФ:1 | ||